| 000 | 00651nam a2200169Ia 4500 | ||
|---|---|---|---|
| 005 | 20260603120908.0 | ||
| 008 | 260603s9999||||xx |||||||||||||| ||und|| | ||
| 020 | _a9788129511768 | ||
| 020 | _qhb | ||
| 082 |
_a891.44 _bCHO |
||
| 100 | _aচৌধুরী, কমল [সম্পাদনা] = Choudhari, Kamal [ed.] | ||
| 245 | 0 | _aসাঁওতাল বিদ্রোহ: সমাজ ও জীবন = Santal bidroho : samaj o jiban [in Bengali] | |
| 260 |
_aকলকাতা = Kolkata _bডেইস পাবলিশিং = Deys Publishing _c2011 |
||
| 300 | _a464p. ; 23cm. | ||
| 653 | _aBengali Language--Literature | ||
| 942 | _cBK | ||
| 999 |
_c57075 _d57075 |
||